• 首页
  • 本馆介绍
  • 公告通知
  • 最新文献
  • 馆藏检索
  • 电子资源
  • 读者导购
  • 参考咨询
  • 我的图书馆
  • 登录
  • 详细信息显示
  • 放入我的书架
  • 预约/预借图书
  • 作者相关作品
  • 分类相关作品
  • 丛书相关作品
  • 出版社相关作品

书目信息

  • 表格格式
  • 工作单格式
  • 卡片格式
题名:
生物教师的备课
    
 
作者: 汤静怡 , 褚圻 著
分册:  
出版信息: 上海   上海教育出版社  1984
页数: 88页
开本: 19cm
丛书名: 中学生物学教学法丛书
单 册:
中图分类: G633.91
科图分类:
主题词: 生物学-教学法--中学 , 教学法-生物学--中学
电子资源:
ISBN:
000 00794nam2 2200289 45
001 0184005238
005 20040506104817.5
010    @dCNY0.27
091    @a38.7358
100    @a19950422d1984 em y0chiy0121 ea
101 0  @achi
102    @aCN@b310000
105    @ay z 000yy
106    @ar
200 10 @a生物教师的备课@Asheng wu jiao shi de bei ke@f汤静怡, 褚圻编著
210    @a上海@c上海教育出版社@d1984
215    @a88页@d19cm
225 2  @a中学生物学教学法丛书
410  0 @120010@a中学生物学教学法丛书
606    @a生物学-教学法@x中学
606    @a教学法-生物学@x中学
690    @aG633.91@v3
701  0 @a汤静怡@Atang jing yi@4著
701  0 @a褚圻@Achu qi@4著
801  0 @aCN@b上海图书馆@c20040506
801  2 @aCN@bNLC@c20040506
905    @f2@b126288-289@dG633.91@e10
    
    生物教师的备课/汤静怡, 褚圻编著.-上海:上海教育出版社,1984
    88页;19cm.-(中学生物学教学法丛书)
    
    
    ISBN :CNY0.27
    
●
相关链接 在E读中查询图书 在五车中查询图书 在当当中查询图书 在豆瓣中查询图书


正题名:生物教师的备课     索取号:G633.91/10         预约/预借

序号 登录号 条形码 馆藏地/架位号 状态 备注
1 0126288   000253451   密集书库/ [索取号:G633.91/10] 在馆    
2 0126289   000253512   密集书库/ [索取号:G633.91/10] 在馆    
3 0126290   000253521   第一样本阅览室/ [索取号:G633.91/10] 在馆    
唐山师范学院图书馆 欢迎您!
大连网信软件有限公司© 版权所有